000 00321nam a2200121Ia 4500
005 20260326235445.0
008 260326s9999||||xx |||||||||||||| ||und||
100 _aDragan D., Katich
245 0 _aSanta Fe de Bogotá y Alrededores /
_cKatich Dragan D.
260 _bItalgraf
650 _aARQUITECTURA REGIONAL
942 _cBK
999 _c7548
_d7548